[Event "Mondragon op 14th"]
[Site "Mondragon"]
[Date "2014.12.27"]
[Round "6"]
[White "Montolio Benedicto, Cesar"]
[Black "Hernando Casas, Jose Manuel"]
[Result "1/2-1/2"]
[WhiteElo "1840"]
[BlackElo "2013"]
[PlyCount "57"]
[EventDate "2014.12.22"]
[EventType "swiss"]
[EventRounds "6"]
[EventCountry "ESP"]
[SourceTitle "CBM 164 Extra"]
[Source "ChessBase"]
[SourceDate "2015.03.02"]
[SourceVersion "1"]
[SourceVersionDate "2015.03.02"]
[SourceQuality "1"]

1. e4 e6 2. d3 d5 3. Nd2 c5 4. Ngf3 Nc6 5. g3 g6 6. Bg2 Bg7 7. 0-0 Nge7 8. Re1 0-0 9. Nf1 b6 10. e5 Qc7 11. Bf4 Bb7 12. h4 Nf5 13. c3 b5 14. Rc1 a5 15. d4 cxd4 16. cxd4 Qb6 17. Be3 Rfc8 18. Qd2 Bf8 19. Red1 Ba6 20. Bg5 Nb4 21. a3 Nc6 22. Ne3 Nxe3 23. Qxe3 Ne7 24. Bh6 Nc6 25. Bh3 Be7 26. Bf1 Bf8 27. Bh3 Be7 28. Bg5 Bf8 29. Bh6 1/2-1/2

[Event "Mondragon op 14th"]
[Site "Mondragon"]
[Date "2014.12.23"]
[Round "2"]
[White "Hernando Casas, Jose Manuel"]
[Black "Mendizabal Guridi, Ekaitz"]
[Result "0-1"]
[WhiteElo "2013"]
[BlackElo "1781"]
[PlyCount "88"]
[EventDate "2014.12.22"]
[EventType "swiss"]
[EventRounds "6"]
[EventCountry "ESP"]
[SourceTitle "CBM 164 Extra"]
[Source "ChessBase"]
[SourceDate "2015.03.02"]
[SourceVersion "1"]
[SourceVersionDate "2015.03.02"]
[SourceQuality "1"]

1. e4 c5 2. Nf3 Nc6 3. d4 cxd4 4. Nxd4 d6 5. c4 Nf6 6. Nc3 g6 7. Be2 Bg7 8. Be3 0-0 9. 0-0 Bd7 10. f3 a6 11. Qd2 Rb8 12. Rac1 Qa5 13. a3 Rfc8 14. b4 Qd8 15. Nd5 Nxd5 16. cxd5 Ne5 17. h3 Ba4 18. f4 Nd7 19. Bd3 Nf6 20. Rce1 Rc7 21. g4 Rbc8 22. g5 Nh5 23. Rc1 Bd7 24. Kh2 e6 25. dxe6 fxe6 26. Rxc7 Qxc7 27. Ne2 Bc6 28. Rc1 Rf8 29. a4 Qd7 30. a5 Kh8 31. Nd4 e5 32. Nxc6 exf4 33. Bb6 bxc6 34. Bxa6 f3 35. Bd4 Nf4 36. Bf1 Kg8 37. Qc3 Bxd4 38. Qxd4 Qe6 39. Rxc6 Qa2+ 40. Kh1 Qb1 41. Qc4+ d5 42. exd5 Ne2 43. d6+ Rf7 44. Rc8+ Kg7 0-1

[Event "Mondragon op 13th"]
[Site "Mondragon"]
[Date "2013.12.28"]
[Round "4"]
[White "San Jose Madinabeitia, Iban"]
[Black "Hernando Casas, Jose Manuel"]
[Result "0-1"]
[WhiteElo "1762"]
[BlackElo "2007"]
[PlyCount "42"]
[EventDate "2013.12.26"]
[EventType "swiss"]
[EventRounds "6"]
[EventCountry "ESP"]
[SourceTitle "CBM 158 Extra"]
[Source "ChessBase"]
[SourceDate "2014.02.28"]
[SourceVersion "1"]
[SourceVersionDate "2014.02.28"]
[SourceQuality "1"]

1. d4 d5 2. c4 e6 3. Nc3 f5 4. cxd5 exd5 5. Nf3 c6 6. Bf4 Nf6 7. e3 Be7 8. Bd3 0-0 9. 0-0 Ne4 10. h3 Be6 11. Ne5 Nd7 12. f3 Nd6 13. Qe2 Nf6 14. a4 a5 15. e4 dxe4 16. fxe4 Ndxe4 17. Nf3 Bd5 18. Rae1 Bb4 19. Qc2 Qb6 20. Be5 Rae8 21. Rc1 Rxe5 0-1

[Event "Mondragon Arrasate Hiria op 12th"]
[Site "Mondragon"]
[Date "2012.10.19"]
[Round "6"]
[White "Irure Crespo, Egoitz"]
[Black "Hernando Casas, Jose Manuel"]
[Result "1/2-1/2"]
[WhiteElo "1953"]
[BlackElo "2004"]
[PlyCount "66"]
[EventDate "2012.09.14"]
[EventType "swiss"]
[EventRounds "6"]
[EventCountry "ESP"]
[SourceTitle "EXT 2013"]
[Source "ChessBase"]
[SourceDate "2012.11.22"]
[SourceVersion "1"]
[SourceVersionDate "2012.11.22"]
[SourceQuality "1"]

1. e4 e6 2. d4 d5 3. exd5 exd5 4. Bf4 Bd6 5. Bxd6 Qxd6 6. c3 Nf6 7. Bd3 0-0 8. Nd2 Re8+ 9. Ne2 Bg4 10. f3 Bh5 11. 0-0 Bg6 12. Nb3 Nbd7 13. Bxg6 hxg6 14. Qd2 Re7 15. Rae1 Rae8 16. Ng3 Nh5 17. Rxe7 Qxe7 18. Nc1 Nxg3 19. hxg3 Nb6 20. Nd3 Nc4 21. Qf2 Qd8 22. Re1 Re7 23. Kf1 Kf8 24. Rxe7 Qxe7 25. Qe1 Ke8 26. Qxe7+ Kxe7 27. Ke2 c6 28. b3 Nd6 29. Nc5 Kf6 30. Ke3 Ke7 31. Ke2 Nb5 32. Kd2 Nd6 33. Ke2 Nb5 1/2-1/2

[Event "Euskadi-chT (Vasca) Div Honor"]
[Site "Bergara"]
[Date "2011.02.19"]
[Round "7.4"]
[White "Balado Kareaga, Inaki"]
[Black "Hernando Casas, Jose Manuel"]
[Result "0-1"]
[WhiteElo "1851"]
[BlackElo "2042"]
[PlyCount "102"]
[EventDate "2011.01.08"]
[EventType "team-tourn"]
[EventRounds "9"]
[EventCountry "ESP"]
[SourceTitle "EXT 2024"]
[Source "ChessBase"]
[SourceDate "2023.10.10"]
[SourceVersion "1"]
[SourceVersionDate "2023.10.10"]
[SourceQuality "1"]

1. Nf3 d5 2. b3 Nf6 3. Bb2 e6 4. g3 c5 5. Bg2 Nc6 6. e3 b6 7. 0-0 Bb7 8. d4 Rc8 9. Nbd2 cxd4 10. Nxd4 Nxd4 11. exd4 Be7 12. c4 0-0 13. Re1 Ba6 14. Bf1 Bb4 15. Rc1 Ne4 16. Nxe4 Bxe1 17. Qxe1 dxe4 18. Qxe4 Qg5 19. f4 Qg6 20. Qe3 Bb7 21. Bd3 Qh5 22. Be2 Qh3 23. Bf1 Qh6 24. b4 Qf6 25. Qf2 Qe7 26. c5 Qd7 27. Bg2 b5 28. Bh3 Rfe8 29. Re1 Bd5 30. Bc3 Rc6 31. a3 Ra6 32. Bb2 g6 33. Bf1 Qc6 34. Bd3 Rb8 35. g4 Qd7 36. Qg3 Rc6 37. h4 Rcc8 38. Kh2 Ra8 39. Re5 a5 40. Bc3 axb4 41. Bxb4 Bc6 42. f5 Qxd4 43. fxe6 fxe6 44. Be2 Rf8 45. Re3 Qa1 46. Bf3 Rxf3 47. Rxf3 Bxf3 48. Qxf3 Qa2+ 49. Kg3 Rf8 50. Qe3 Qc4 51. Bc3 Rd8 0-1

[Event "Mondragon Arrasate Hiria op 4th"]
[Site "Mondragon"]
[Date "2004.10.15"]
[Round "4.3"]
[White "Hernando Casas, Jose Manuel"]
[Black "Gastanares Lopez, Javier"]
[Result "1/2-1/2"]
[WhiteElo "2074"]
[BlackElo "2110"]
[PlyCount "55"]
[EventDate "2004.09.24"]
[EventType "swiss"]
[EventRounds "6"]
[EventCountry "ESP"]
[SourceTitle "CBM 103 Extra"]
[Source "ChessBase"]
[SourceDate "2005.01.01"]
[SourceVersion "1"]
[SourceVersionDate "2005.01.01"]
[SourceQuality "1"]

1. e4 Nc6 2. d4 d5 3. e5 Bf5 4. Nf3 e6 5. Be2 f6 6. exf6 gxf6 7. Nh4 Bg6 8. Nxg6 hxg6 9. Bb5 Qd7 10. Be3 a6 11. Ba4 Nge7 12. c3 Nf5 13. Qd3 Bd6 14. h3 g5 15. Nd2 Kf7 16. Bc2 Nce7 17. 0-0-0 Rag8 18. Kb1 c6 19. Rde1 a5 20. Qe2 Bc7 21. Nf3 Nxe3 22. Qxe3 Nf5 23. Qe2 Nh4 24. Nxh4 gxh4 25. Qf3 Qd6 26. Rhg1 Qf4 27. Qe2 Qd6 28. Qf3 1/2-1/2

[Event "Guipuzcoa-ch"]
[Site "Arrasate"]
[Date "2003.12.22"]
[Round "4"]
[White "Hernando Casas, Jose Manuel"]
[Black "Corral Sierra, Javier"]
[Result "1-0"]
[WhiteElo "2073"]
[BlackElo "2208"]
[PlyCount "105"]
[EventDate "2003.12.22"]
[EventType "swiss"]
[EventRounds "7"]
[EventCountry "ESP"]
[SourceTitle "CBM 097 Extra"]
[Source "ChessBase"]
[SourceDate "2004.01.13"]
[SourceVersion "1"]
[SourceVersionDate "2004.01.13"]
[SourceQuality "1"]

1. e4 c5 2. Nf3 Nc6 3. d4 cxd4 4. Nxd4 e6 5. c4 Nf6 6. Nc3 Bb4 7. Nxc6 bxc6 8. Bd3 e5 9. 0-0 d6 10. Qa4 Bxc3 11. bxc3 Qc7 12. Be3 0-0 13. Rab1 c5 14. f3 Bd7 15. Qa3 a5 16. Rb2 Bc6 17. Rfb1 a4 18. Rd2 Rfb8 19. Rdb2 h6 20. Kf2 Nd7 21. Ke1 Rxb2 22. Rxb2 Rb8 23. Kd1 Rb6 24. Kc1 Kf8 25. Rxb6 Qxb6 26. Bf1 Ke7 27. g3 Qb7 28. Kd2 Kd8 29. Qc1 Kc7 30. Bd3 Nb6 31. Qf1 Bd7 32. Kd1 Be6 33. f4 Bxc4 34. Bxc4 Qxe4 35. fxe5 Nxc4 36. exd6+ Kc6 37. Bc1 Qg4+ 38. Kc2 Qg6+ 39. Qd3 Qxd3+ 40. Kxd3 Nxd6 41. Bf4 Kd5 42. Bc1 c4+ 43. Ke3 Nb5 44. Bd2 Ke5 45. Be1 Kf5 46. Kf3 h5 47. h3 Nd6 48. g4+ hxg4+ 49. hxg4+ Ke6 50. Kf4 Kd5 51. Bf2 g5+ 52. Kf3 Nb5 53. Be1 1-0